000 00335nam a2200133Ia 4500
005 20260328101522.0
008 260328s9999||||xx |||||||||||||| ||und||
100 _aCONACULTA
245 0 _aX Bienal de Arquitectura Mexicana 2008 /
_cCONACULTA
260 _bConaculta
300 _a202 p.
650 _aARQUITECTURA REGIONAL
942 _cBK
999 _c9652
_d9652